| 000 | 00000nam##2200000za#4500 |
| 001 | 9.695454 |
| 003 | CaOODSP |
| 005 | 20250319164423 |
| 007 | cr ||||||||||| |
| 008 | 150407|1996||||xxc|||||o f|0| 0 eng|d |
| 040 | |aCaOODSP|beng |
| 043 | |an-cn--- |
| 086 | 1 |aF1-23/1996-4E-PDF |
| 110 | 1 |aCanada. |bDepartment of Finance. |
| 245 | 14|aThe seniors benefit : |h[electronic resource]|bsecuring the future |
| 246 | 1 |iAt head of title : |aBudget 1996 |
| 260 | |aOttawa - Ontario : |bFinance Canada |cMarch 1996. |
| 300 | |a74p.|bgraphs, tables |
| 500 | |aThe catalogue number (F1-23/1996-4E) and ISBN (0-662-24274-2) for the print edition have been incorrectly copied in this electronic publication. |
| 590 | |a12-11-Supp|b2012-03-27 |
| 690 | 07|aBudgets|2gcpds |
| 690 | 07|aPensions|2gcpds |
| 690 | 07|aSeniors|2gcpds |
| 775 | 08|tLa prestation aux aîné(e)s : |w(CaOODSP)9.639590 |
| 856 | 40|ahttp://publications.gc.ca|qPDF|s154 KB|uhttps://publications.gc.ca/collections/Collection/F1-23-1996-4E.pdf |